[Event "33.Schlosspark-Open"]
[Site "Wiesbaden-Biebrich"]
[Date "2024.08.25"]
[Round "7.1"]
[White "Hagner, Bennet"]
[Black "Nesar, Abdul Musawer"]
[Result "1-0"]
[WhiteElo "2311"]
[BlackElo "2192"]
[PlyCount "107"]
[EventDate "2024.08.22"]
[WhiteTeam "OSG Baden-Baden"]
[BlackTeam "Sfr Stiller Zug Wiesbaden"]

1. c4 Nf6 2. Nf3 c5 3. Nc3 Nc6 4. g3 g6 5. Bg2 Bg7 6. d4 cxd4 7. Nxd4 O-O 8. O-O d6 9. Nxc6 bxc6 10. Bxc6 Bh3 11. Bxa8 Qxa8 12. f3 Bxf1 13. Kxf1 Rc8 14. Qd3 Qc6 15. Be3 a6 16. Rc1 h6 17. b3 g5 18. Rd1 g4 19. Nd5 Nxd5 20. Qxd5 gxf3 21. exf3 Qc7 22. Qh5 Qd7 23. Re1 Qe6 24. Bd4 Qd7 25. Bxg7 Kxg7 26. Rxe7 Qxe7 27. Qg4+ Kf6 28. Qxc8 Qe3 29. Qc6 Qd3+ 30. Kg2 Qe2+ 31. Kh3 Qe6+ 32. Kg2 Qe2+ 33. Kh3 Qe6+ 34. Kh4 Kg7 35. Qe4 Qf6+ 36. Kh3 Qa1 37. Qg4+ Kf8 38. Qf4 Ke7 39. Qe3+ Kd7 40. Qxh6 Qxa2 41. Qe3 Qb1 42. Kg4 a5 43. h4 Qa1 44. h5 Qg7+ 45. Kh3 Qh8 46. Qa7+ Ke6 47. Qxa5 Qb2 48. Qd5+ Ke7 49. c5 dxc5 50. Qxc5+ Kf6 51. b4 Kg7 52. Qg5+ Kf8 53. h6 Qb1 54. Qd8# 1-0

[Event "33.Schlosspark-Open"]
[Site "Wiesbaden-Biebrich"]
[Date "2024.08.25"]
[Round "7.3"]
[White "Kersten, Uwe"]
[Black "Baranyai-Molnar, Adam-Kristof"]
[Result "0-1"]
[WhiteElo "2179"]
[BlackElo "2133"]
[PlyCount "44"]
[EventDate "2024.08.22"]
[WhiteTeam "Sfr. Bad Emstal/Wolfhagen"]
[BlackTeam "SF Neuberg"]

1. e4 c5 2. Nf3 e6 3. c3 d5 4. e5 d4 5. Bd3 Nc6 6. O-O g5 7. Be4 Bd7 8. cxd4 cxd4 9. d3 g4 10. Ne1 Nxe5 11. f4 Nc6 12. Qxg4 Nf6 13. Qe2 Nxe4 14. dxe4 Qb6 15. Nd3 Nb4 16. Na3 Rc8 17. Bd2 Nxd3 18. Qxd3 Qxb2 19. Nc4 Rxc4 20. Qxc4 Qxd2 21. Rad1 Qc3 22. Qe2 Qe3+ 0-1

[Event "33.Schlosspark-Open"]
[Site "Wiesbaden-Biebrich"]
[Date "2024.08.25"]
[Round "7.4"]
[White "Milov, Leonid"]
[Black "Metzdorf, Matteo"]
[Result "1-0"]
[WhiteElo "2429"]
[BlackElo "2098"]
[PlyCount "119"]
[EventDate "2024.08.22"]
[WhiteTeam "SC Noris-Tarrasch Nürnberg 1873"]
[BlackTeam "TSV Schott Mainz"]

1. e4 c5 2. Nf3 e6 3. Nc3 a6 4. d4 cxd4 5. Nxd4 Qc7 6. Qf3 Nf6 7. Qg3 Qxg3 8. hxg3 d6 9. f3 Nc6 10. Be3 Be7 11. g4 Nxd4 12. Bxd4 e5 13. Be3 Be6 14. O-O-O Rc8 15. g5 Nd7 16. Nd5 Bxd5 17. Rxd5 Nc5 18. g3 O-O 19. Rd2 Ne6 20. f4 Rfd8 21. Rdh2 Nf8 22. Bd3 g6 23. c3 d5 24. exd5 exf4 25. gxf4 Rxd5 26. Be4 Rd7 27. Rd2 Bc5 28. Bxc5 Rxd2 29. Kxd2 Rxc5 30. Ke3 Rc7 31. Rd1 Nd7 32. Rd6 Kf8 33. Bc2 Ke7 34. Rd1 Nf8 35. Bb3 Nd7 36. Kd4 Nf8 37. Bd5 Ne6+ 38. Ke5 Rc5 39. c4 Nf8 40. b4 Rc7 41. c5 Rd7 42. Re1 Kd8 43. Re4 Ke7 44. a4 Rc7 45. a5 Rd7 46. Re2 Rc7 47. Kd4+ Kd8 48. Rc2 Nd7 49. Rc3 Nf8 50. c6 bxc6 51. Rxc6 Ne6+ 52. Ke5 Rxc6 53. Bxc6 Ke7 54. Bd5 Nc7 55. Bc4 Ke8 56. Kd6 Kd8 57. Bxf7 Nb5+ 58. Kc5 Ke7 59. Bg8 Kf8 60. Bc4 1-0

[Event "33.Schlosspark-Open"]
[Site "Wiesbaden-Biebrich"]
[Date "2024.08.25"]
[Round "7.5"]
[White "Pohle, Dirk"]
[Black "Boidman, Yuri"]
[Result "1/2-1/2"]
[WhiteElo "2108"]
[BlackElo "2253"]
[PlyCount "115"]
[EventDate "2024.08.22"]
[WhiteTeam "Langenfelder SF 1933"]
[BlackTeam "SC Heimbach-Weis/Neuwied e.V."]

1. e4 d5 2. Nc3 d4 3. Nb1 Nf6 4. d3 e5 5. f4 Bb4+ 6. c3 Bc5 7. Be2 Nc6 8. c4 Bb4+ 9. Kf1 exf4 10. Bxf4 Bd6 11. Bg5 h6 12. Bh4 g5 13. Bf2 h5 14. h3 Bf4 15. g3 Be5 16. Nf3 Qd6 17. Nxe5 Nxe5 18. Nd2 c5 19. a3 h4 20. g4 Nfd7 21. b4 b6 22. Nf3 f6 23. Qd2 Nxf3 24. Bxf3 Ne5 25. Bd1 Ng6 26. Bf3 Qf4 27. Qxf4 Nxf4 28. Be2 Bd7 29. Rd1 Ke7 30. Bg1 Rhd8 31. Kf2 b5 32. bxc5 bxc4 33. dxc4 Ba4 34. Rd2 Bc6 35. Bf3 Ke6 36. Bh2 Rab8 37. Rhd1 Nxh3+ 38. Kg2 Nf4+ 39. Bxf4 gxf4 40. Rxd4 Rb2+ 41. Kh3 Rxd4 42. Rxd4 Ke5 43. Rd6 Rb3 44. Rxc6 Rxf3+ 45. Kxh4 Rc3 46. Rd6 Rxc4 47. Rd5+ Kxe4 48. Rf5 Rc1 49. Rxf6 Rh1+ 50. Kg5 f3 51. c6 Rc1 52. Kh6 Ke3 53. g5 f2 54. g6 Rh1+ 55. Kg5 Rg1+ 56. Kh6 Rh1+ 57. Kg5 Rg1+ 58. Kh6 1/2-1/2

[Event "33.Schlosspark-Open"]
[Site "Wiesbaden-Biebrich"]
[Date "2024.08.25"]
[Round "7.6"]
[White "Waffenschmidt, Joachim"]
[Black "Ohler, Julius"]
[Result "0-1"]
[WhiteElo "2008"]
[BlackElo "2182"]
[PlyCount "110"]
[EventDate "2024.08.22"]
[WhiteTeam "SV 1920 Hofheim"]
[BlackTeam "SC Heimbach-Weis/Neuwied e.V."]

1. d4 Nf6 2. c4 e6 3. Nf3 Bb4+ 4. Bd2 Qe7 5. a3 Bxd2+ 6. Qxd2 b6 7. Nc3 Bb7 8. e3 O-O 9. Bd3 d6 10. Qc2 Nbd7 11. Ng5 h6 12. Nge4 c5 13. dxc5 dxc5 14. O-O Rfd8 15. Rfd1 Ng4 16. Be2 Nde5 17. h3 Nf6 18. f4 Ng6 19. Bf3 Kf8 20. Qf2 Nxe4 21. Bxe4 Bxe4 22. Nxe4 Qb7 23. Nc3 Ne7 24. Rd2 Nf5 25. Rad1 Ke7 26. b3 Rxd2 27. Qxd2 Qc6 28. a4 a6 29. Qd3 Rb8 30. Kf2 Nd6 31. e4 Rd8 32. Re1 Nb7 33. Qe3 Na5 34. f5 Qd6 35. Rd1 Qe5 36. Rxd8 Kxd8 37. Ne2 Ke7 38. fxe6 fxe6 39. Nf4 Qd4 40. Qxd4 cxd4 41. b4 Nxc4 42. Ke2 e5 43. Nd5+ Kd6 44. Kd3 Nb2+ 45. Kc2 Nxa4 46. Kb3 b5 47. h4 Nc3 48. Nxc3 dxc3 49. Kxc3 Kc6 50. h5 Kb6 51. Kb3 a5 52. bxa5+ Kxa5 53. Ka3 b4+ 54. Kb3 Kb5 55. g3 Kc5 0-1

[Event "33.Schlosspark-Open"]
[Site "Wiesbaden-Biebrich"]
[Date "2024.08.25"]
[Round "7.8"]
[White "Nagel, Bernhard"]
[Black "Dietze, Frank"]
[Result "1/2-1/2"]
[WhiteElo "2193"]
[BlackElo "2090"]
[PlyCount "60"]
[EventDate "2024.08.22"]
[WhiteTeam "Kölner SK Dr. Lasker 186"]
[BlackTeam "Wiesbadener SV 1885"]

1. Nf3 c5 2. g3 Nc6 3. c4 g6 4. Bg2 Bg7 5. Nc3 e6 6. h4 h6 7. d4 cxd4 8. Nb5 d5 9. cxd5 Qa5+ 10. Nd2 Qxb5 11. dxc6 Nf6 12. Qb3 Qxb3 13. Nxb3 Nd5 14. Bxd5 exd5 15. c7 b6 16. Bf4 Ba6 17. O-O-O d3 18. exd3 Kd7 19. Rhe1 Rhe8 20. d4 Rac8 21. Kd2 f6 22. g4 Bf8 23. a3 Bc4 24. Na1 a5 25. Rxe8 Rxe8 26. Re1 Rxe1 27. Kxe1 g5 28. hxg5 hxg5 29. Bg3 Ba6 30. Nc2 Bd6 1/2-1/2

[Event "33.Schlosspark-Open"]
[Site "Wiesbaden-Biebrich"]
[Date "2024.08.25"]
[Round "7.9"]
[White "Haack, Kevin"]
[Black "Surányi, Pál"]
[Result "1-0"]
[WhiteElo "2306"]
[BlackElo "2019"]
[PlyCount "143"]
[EventDate "2024.08.22"]
[WhiteTeam "SV 1920 Hofheim"]
[BlackTeam "SV 03/25 Koblenz"]

1. d4 d5 2. c4 e6 3. Nf3 a6 4. g3 dxc4 5. Bg2 Nc6 6. O-O Rb8 7. Qc2 b5 8. b3
Nb4 9. Qb2 cxb3 10. Qxb3 Nf6 11. Nc3 Bb7 12. a4 Be7 13. axb5 axb5 14. Ba3 Nfd5
15. Nxb5 O-O 16. Nc3 c5 17. Rad1 Nxc3 18. Qxc3 cxd4 19. Rxd4 Nd5 20. Qd3 Bxa3
21. Qxa3 Qb6 22. Qd3 Nf6 23. Rb1 Qa7 24. Rd1 Qa8 25. Qe3 Rbd8 26. h3 Rxd4 27.
Qxd4 Bd5 28. Ne1 Bxg2 29. Nxg2 h6 30. Nf4 Qc6 31. Ra1 Re8 32. Nd3 e5 33. Qc5
Qe6 34. Kg2 Ne4 35. Qe3 Ng5 36. h4 Qd5+ 37. Kh2 Ne4 38. Rc1 Nf6 39. Kg1 Ng4 40.
Qc5 Qe6 41. e4 Rd8 42. Qc3 Nf6 43. Nc5 Qh3 44. Qxe5 Ng4 45. Qf4 Rd6 46. e5 Rg6
47. Nd3 Qh2+ 48. Kf1 Qh1+ 49. Ke2 Qd5 50. Rc2 h5 51. Qf5 Rc6 52. Rd2 g6 53. Qf3
Qb5 54. Rb2 Qc4 55. Qf4 Qd5 56. Qf3 Qc4 57. Qf4 Qd5 58. f3 Rc3 59. Rd2 Nh2 60.
Qe3 Qe6 61. Kf2 Qh3 62. Qe2 g5 63. hxg5 h4 64. gxh4 Rc4 65. g6 Qxh4+ 66. Kg2
Rc6 67. e6 Rxe6 68. gxf7+ Kxf7 69. Ne5+ Kf6 70. Qe3 Rxe5 71. Rd6+ Kf5 72. Qd3+
1-0

[Event "33.Schlosspark-Open"]
[Site "Wiesbaden-Biebrich"]
[Date "2024.08.25"]
[Round "7.10"]
[White "Sydykov, Bayastan"]
[Black "Martin, Reiner"]
[Result "1-0"]
[WhiteElo "2282"]
[BlackElo "1974"]
[PlyCount "43"]
[EventDate "2024.08.22"]
[WhiteTeam "SK 1858 Gießen"]
[BlackTeam "SC Bad Soden"]

1. d4 Nf6 2. Nf3 c5 3. d5 e6 4. Nc3 exd5 5. Nxd5 Nxd5 6. Qxd5 Nc6 7. Bg5 Be7 8. a3 d6 9. O-O-O f6 10. Bf4 Ne5 11. Nd2 Qd7 12. Ne4 Qe6 13. Nxd6+ Bxd6 14. Qxd6 Qxd6 15. Rxd6 Ng6 16. Bg3 Ke7 17. e4 Be6 18. Be2 Rhd8 19. Rhd1 Nf8 20. e5 Nd7 21. exf6+ Nxf6 22. Bf3 1-0

[Event "33.Schlosspark-Open"]
[Site "Wiesbaden-Biebrich"]
[Date "2024.08.25"]
[Round "7.11"]
[White "Jahnel, Günther"]
[Black "Müller, Riyanna"]
[Result "1/2-1/2"]
[WhiteElo "2166"]
[BlackElo "1981"]
[PlyCount "65"]
[EventDate "2024.08.22"]
[WhiteTeam "FVS ASP Hoyerswerda"]
[BlackTeam "SC Landskrone"]

1. d4 d5 2. c4 dxc4 3. Nf3 Nf6 4. Nc3 a6 5. a4 Nc6 6. e4 e5 7. d5 Na5 8. Bg5 h6 9. Bh4 Bg4 10. Be2 Bxf3 11. Bxf3 Be7 12. O-O O-O 13. Bg3 Bd6 14. Be2 Qd7 15. Qc2 b5 16. f4 Rfe8 17. fxe5 Bxe5 18. Bxe5 Rxe5 19. axb5 axb5 20. Bf3 b4 21. Ne2 Qb5 22. Kh1 Rae8 23. Ng3 Qc5 24. Rfc1 c6 25. Qa4 Nb7 26. Qxc6 Qxc6 27. dxc6 Na5 28. Ra4 Rc8 29. Rxb4 Rxc6 30. h3 Rcc5 31. Rc3 Rb5 32. Rxb5 Rxb5 33. Be2 1/2-1/2

[Event "33.Schlosspark-Open"]
[Site "Wiesbaden-Biebrich"]
[Date "2024.08.25"]
[Round "7.12"]
[White "Gentner, Markus"]
[Black "Eull, Emil"]
[Result "1/2-1/2"]
[WhiteElo "1960"]
[BlackElo "2151"]
[PlyCount "98"]
[EventDate "2024.08.22"]
[WhiteTeam "SC Murrhardt 1948 e.V."]
[BlackTeam "SF Neuberg"]

1. Nf3 d5 2. c4 e6 3. g3 Nf6 4. Bg2 dxc4 5. Qa4+ Bd7 6. Qxc4 c5 7. Ne5 Qc8 8. b3 Nc6 9. Nxd7 Qxd7 10. Bb2 Be7 11. O-O Rc8 12. e3 O-O 13. a3 Na5 14. Qc2 Qb5 15. Ra2 b6 16. Bc3 Qxb3 17. Bxa5 Qxc2 18. Rxc2 bxa5 19. Nc3 Rfd8 20. Rb1 Rd7 21. Rb5 c4 22. Nb1 Bd8 23. Bf1 Ne4 24. d4 Nd6 25. Rbb2 Bb6 26. a4 Rdc7 27. Nc3 Kf8 28. Bg2 Ke7 29. Rb1 Rb8 30. Kf1 g5 31. Ke2 Rg8 32. h3 h6 33. Rbc1 f5 34. Nb5 Nxb5 35. axb5 Rgc8 36. Bc6 a6 37. Rxc4 axb5 38. Bxb5 Kd6 39. Kd3 Rxc4 40. Rxc4 Rxc4 41. Bxc4 h5 42. f3 e5 43. dxe5+ Kxe5 44. g4 hxg4 45. hxg4 f4 46. e4 a4 47. Ba2 a3 48. Kc4 Bd8 49. Bb3 Be7 1/2-1/2

[Event "33.Schlosspark-Open"]
[Site "Wiesbaden-Biebrich"]
[Date "2024.08.25"]
[Round "7.13"]
[White "Akhmatovski, Maxim"]
[Black "Schulze, Nick"]
[Result "1/2-1/2"]
[WhiteElo "2078"]
[BlackElo "1900"]
[PlyCount "62"]
[EventDate "2024.08.22"]
[WhiteTeam "SV Oberursel"]
[BlackTeam "SV Rochade Magdeburg 96"]

1. c4 e5 2. g3 g6 3. Bg2 Bg7 4. Nc3 Nf6 5. Nf3 Nc6 6. O-O O-O 7. e3 d5 8. cxd5 Nxd5 9. Nxe5 Nxc3 10. Nxc6 Nxd1 11. Nxd8 Nxe3 12. fxe3 Rxd8 13. d4 c6 14. b4 Be6 15. Bb2 a5 16. a3 Bh6 17. Kf2 axb4 18. axb4 Re8 19. Rxa8 Rxa8 20. Ra1 Rxa1 21. Bxa1 Bc4 22. Bc3 Kf8 23. e4 Ke7 24. Bh3 Kd6 25. Bg4 Kc7 26. Bd1 Kb6 27. Ba4 Bc1 28. Kf3 h5 29. e5 Bd5+ 30. Ke2 Bc4+ 31. Kf3 Bd5+ 1/2-1/2

[Event "33.Schlosspark-Open"]
[Site "Wiesbaden-Biebrich"]
[Date "2024.08.25"]
[Round "7.14"]
[White "Carow, Johannes"]
[Black "Khenkin, Igor"]
[Result "1/2-1/2"]
[WhiteElo "2465"]
[BlackElo "2505"]
[PlyCount "71"]
[EventDate "2024.08.22"]
[WhiteTeam "Sfr.Heidesheim"]
[BlackTeam "Wiesbadener SV 1885"]

1. d4 d5 2. c4 c6 3. Nc3 dxc4 4. e4 b5 5. a4 Qb6 6. axb5 cxb5 7. b3 e6 8. bxc4 Bb4 9. Bd2 bxc4 10. Bxc4 Ne7 11. Nf3 O-O 12. O-O a5 13. Re1 Nd7 14. d5 exd5 15. Nxd5 Nxd5 16. Bxd5 Rb8 17. Ng5 Ne5 18. Bxb4 axb4 19. Qb3 Qf6 20. Qg3 b3 21. Rab1 b2 22. f4 Ng4 23. h3 Qd4+ 24. Kh1 Qf2 25. Qxf2 Nxf2+ 26. Kg1 Nd3 27. Re2 Ba6 28. Rd2 h6 29. Nf3 Rfc8 30. Ba2 Rc1+ 31. Kh2 Rxb1 32. Bxb1 Nxf4 33. Ne5 Ne6 34. Kg3 g6 35. Rd6 Bb5 36. Nxg6 1/2-1/2

[Event "33.Schlosspark-Open"]
[Site "Wiesbaden-Biebrich"]
[Date "2024.08.25"]
[Round "7.16"]
[White "Mandalka, Justus"]
[Black "Musiienko, Tymur"]
[Result "0-1"]
[WhiteElo "1981"]
[BlackElo "2093"]
[PlyCount "138"]
[EventDate "2024.08.22"]
[WhiteTeam "SK Bad Homburg 1927"]
[BlackTeam "Wiesbadener SV 1885"]

1. e4 e5 2. Nf3 Nc6 3. d4 exd4 4. Nxd4 Nf6 5. Nxc6 bxc6 6. e5 Qe7 7. Qe2 Nd5 8. c4 Nb6 9. b3 a5 10. Bb2 a4 11. Nd2 axb3 12. axb3 Rxa1+ 13. Bxa1 Qa3 14. Qd1 Bb4 15. Bd3 Qa2 16. Bc2 Qa5 17. Bd4 O-O 18. Be3 Qxe5 19. O-O d5 20. Nf3 Qh5 21. Qd3 g6 22. Nd4 Bd6 23. h3 Ba6 24. Rb1 dxc4 25. bxc4 Bxc4 26. Qc3 Qe5 27. f4 Qe8 28. Nf5 gxf5 29. Bxb6 cxb6 30. Qg3+ Kh8 31. Qc3+ f6 32. Qxc4 Qe3+ 33. Kh1 b5 34. Qxc6 Qxf4 35. Kg1 Rg8 36. Bb3 Qd4+ 37. Kh1 Qe5 38. Kg1 Qh2+ 39. Kf2 Qg3+ 40. Kg1 Qe3+ 41. Kh1 Qe5 42. Kg1 Rg3 43. Qd5 Qe4 44. Qxe4 fxe4 45. Bd5 e3 46. Bf3 Rg5 47. Kf1 Re5 48. g4 Kg7 49. Ke2 b4 50. Rb3 Bc5 51. h4 Kf7 52. Rb1 Ke7 53. h5 Kf7 54. Kd3 Kg7 55. Rb2 Kh6 56. Ke2 Kg5 57. Rb1 Kf4 58. Rf1 Kg5 59. Rb1 Re6 60. Rc1 Be7 61. Rc2 Kf4 62. Rc4+ Kg3 63. Rc1 Ra6 64. Rg1+ Kf4 65. Rf1 Ra2+ 66. Kd3 Rd2+ 67. Kc4 Rf2 68. Be2 Rxf1 69. Bxf1 Kxg4 0-1

[Event "33.Schlosspark-Open"]
[Site "Wiesbaden-Biebrich"]
[Date "2024.08.25"]
[Round "7.18"]
[White "Berberich, Christoph"]
[Black "Weber, Nikita"]
[Result "0-1"]
[WhiteElo "1904"]
[BlackElo "2078"]
[PlyCount "32"]
[EventDate "2024.08.22"]
[WhiteTeam "SK Freiburg-Zähringen 1887 e.V."]
[BlackTeam "Vorw.Orient Mainz"]

1. Nf3 Nf6 2. e3 e6 3. c4 b6 4. Nc3 Bb7 5. d4 Bb4 6. Qc2 c5 7. Bd3 Nc6 8. O-O Bxc3 9. bxc3 Qc7 10. Ba3 Ng4 11. h3 h5 12. hxg4 hxg4 13. Rfe1 gxf3 14. gxf3 Qh2+ 15. Kf1 Nxd4 16. exd4 Bxf3 0-1

[Event "33.Schlosspark-Open"]
[Site "Wiesbaden-Biebrich"]
[Date "2024.08.25"]
[Round "7.19"]
[White "Fleckenstein, Lukas"]
[Black "Minor, Samuel"]
[Result "0-1"]
[WhiteElo "1968"]
[BlackElo "2204"]
[PlyCount "106"]
[EventDate "2024.08.22"]
[WhiteTeam "SK Niederbrechen 1948"]
[BlackTeam "Wiesbadener SV 1885"]

1. e4 e6 2. d4 d5 3. Nd2 dxe4 4. Nxe4 Bd7 5. Nf3 Bc6 6. Bd3 Nd7 7. Qe2 Ngf6 8. O-O Bxe4 9. Bxe4 Nxe4 10. Qxe4 c6 11. c3 Be7 12. Bf4 O-O 13. Ne5 Nf6 14. Qe2 Rc8 15. Rad1 b5 16. Qf3 Qd5 17. Qxd5 cxd5 18. Bg5 Rc7 19. Nd3 a5 20. a3 b4 21. axb4 axb4 22. cxb4 Rc4 23. Ne5 Rc2 24. Rd2 Rc7 25. Rd3 Rb8 26. Bd2 Bxb4 27. Rb3 Rcb7 28. Ra1 Ne8 29. Bxb4 Rxb4 30. Rxb4 Rxb4 31. Ra8 Kf8 32. Nd7+ Ke7 33. Ne5 Rb7 34. Kf1 Nd6 35. Nd3 Nc4 36. b4 Nd6 37. g4 Nb5 38. Nc5 Rc7 39. Nb3 Rc4 40. Na5 Rc1+ 41. Ke2 Nxd4+ 42. Kd3 Nb5 43. Rb8 Nd6 44. b5 Rc5 45. Nc6+ Kd7 46. Ne5+ Kc7 47. Rg8 Rxb5 48. Rxg7 Rb3+ 49. Ke2 Rh3 50. Nf3 Kd7 51. Ng5 Rxh2 52. Nxh7 Ke7 53. Ke3 Ne8 0-1

[Event "33.Schlosspark-Open"]
[Site "Wiesbaden-Biebrich"]
[Date "2024.08.25"]
[Round "7.20"]
[White "Ruppert, Wolfgang"]
[Black "Burkhardt, Jan"]
[Result "1/2-1/2"]
[WhiteElo "2186"]
[BlackElo "1926"]
[PlyCount "73"]
[EventDate "2024.08.22"]
[WhiteTeam "SC Flörsheim 1921"]
[BlackTeam "Sfr.Mainz 1928"]

1. e4 e5 2. Nf3 Nc6 3. d4 exd4 4. Bc4 Nf6 5. e5 d5 6. Bb5 Ne4 7. Nxd4 Bd7 8. Bxc6 bxc6 9. O-O Be7 10. f3 Nc5 11. Be3 O-O 12. f4 f6 13. exf6 Bxf6 14. Nd2 Ne6 15. N2b3 Nxd4 16. Bxd4 Bf5 17. Re1 Qd7 18. Qd2 Qf7 19. Re3 Rfe8 20. Rae1 Re4 21. Rxe4 Bxe4 22. c3 Bf5 23. Bxf6 Qxf6 24. Qd4 Qh4 25. Re3 Rf8 26. Nd2 Bg6 27. g3 Qg4 28. Nf3 Be4 29. Kf2 Qh3 30. Kg1 g5 31. Qe5 gxf4 32. Rxe4 dxe4 33. Qg5+ Kh8 34. Qe5+ Kg8 35. Qg5+ Kh8 36. Qe5+ Kg8 37. Qg5+ 1/2-1/2

[Event "33.Schlosspark-Open"]
[Site "Wiesbaden-Biebrich"]
[Date "2024.08.25"]
[Round "7.21"]
[White "Regis, Georg"]
[Black "Bischoff, Ulrich"]
[Result "0-1"]
[WhiteElo "2079"]
[BlackElo "1919"]
[PlyCount "98"]
[EventDate "2024.08.22"]
[WhiteTeam "Vorw.Orient Mainz"]
[BlackTeam "SF Eltville"]

1. Nf3 d5 2. b3 Nf6 3. Bb2 e6 4. e3 Be7 5. Be2 O-O 6. O-O b6 7. c4 c5 8. d3 Bb7 9. Nbd2 Nc6 10. cxd5 Nxd5 11. a3 Bf6 12. Qc2 Bxb2 13. Qxb2 Qf6 14. Qxf6 Nxf6 15. Rfb1 Nd5 16. Rb2 Rfd8 17. Rc1 Rac8 18. Ne1 h6 19. g3 Kf8 20. Ndf3 Ba6 21. Bf1 Ke8 22. Rbc2 Na5 23. Rb2 Nc6 24. h4 Kf8 25. Ng2 Ke8 26. Nfe1 Bb5 27. Rbc2 Kd7 28. Nf3 Ba6 29. d4 Bxf1 30. Kxf1 Na5 31. b4 Nb3 32. Rb1 c4 33. Ne5+ Ke8 34. b5 Nc3 35. Re1 Nxb5 36. a4 Nd6 37. Rb1 f6 38. Nf3 a6 39. Ke2 b5 40. Nf4 Kf7 41. h5 Rb8 42. axb5 axb5 43. Ra2 Ra8 44. Rab2 Ne4 45. Kf1 Ra7 46. Rxb3 cxb3 47. Rxb3 Rb8 48. Nd3 Ra2 49. Nfe1 Nd2+ 0-1

[Event "33.Schlosspark-Open"]
[Site "Wiesbaden-Biebrich"]
[Date "2024.08.25"]
[Round "7.22"]
[White "Faulhaber, Tobias"]
[Black "Reitz, Philipp"]
[Result "1-0"]
[WhiteElo "1931"]
[BlackElo "2039"]
[PlyCount "55"]
[EventDate "2024.08.22"]
[WhiteTeam "SC Schifferstadt"]
[BlackTeam "VfR-SC Koblenz"]

1. e4 c6 2. d4 d5 3. e5 c5 4. dxc5 e6 5. Be3 Nd7 6. Bb5 Ne7 7. Nf3 Nc6 8. O-O Bxc5 9. Bxc5 Nxc5 10. c4 O-O 11. cxd5 exd5 12. Nc3 a6 13. Bxc6 bxc6 14. Rc1 Ne6 15. Na4 Bd7 16. Nd4 Nf4 17. Nc5 Bh3 18. Rc3 Bxg2 19. Re1 Be4 20. Nxe4 dxe4 21. Rxe4 Ne6 22. Qg4 Nxd4 23. Rxd4 Qa5 24. e6 f5 25. Qg5 Rf6 26. Rg3 Qe1+ 27. Kg2 Rg6 28. Rd8+ 1-0

[Event "33.Schlosspark-Open"]
[Site "Wiesbaden-Biebrich"]
[Date "2024.08.25"]
[Round "7.23"]
[White "Stephanblome, Felix"]
[Black "Derr, Oleg"]
[Result "1-0"]
[WhiteElo "1925"]
[BlackElo "1943"]
[PlyCount "71"]
[EventDate "2024.08.22"]
[WhiteTeam "SV 1934 Ffm-Griesheim"]
[BlackTeam "VSG 1880 Offenbach"]

1. d4 Nf6 2. c4 g6 3. Nc3 d5 4. Nf3 Bg7 5. Bg5 Ne4 6. Bf4 Nxc3 7. bxc3 dxc4 8. e3 b5 9. a4 c6 10. Qb1 Bd7 11. Bxc4 Qc8 12. axb5 cxb5 13. Bxb5 Qxc3+ 14. Ke2 Bxb5+ 15. Qxb5+ Qc6 16. Qxc6+ Nxc6 17. Rhc1 Rc8 18. Ra6 e5 19. Nxe5 Ne7 20. Rxc8+ Nxc8 21. Nc6 O-O 22. Nxa7 Ne7 23. Nc6 Nd5 24. Bd6 Re8 25. Kd3 f5 26. Kc4 Nf6 27. Be5 Ne4 28. Bxg7 Kxg7 29. f3 Nd6+ 30. Kd5 Nb5 31. Kc5 Nc3 32. d5 Rxe3 33. d6 Rd3 34. Ra7+ Kf6 35. d7 Na4+ 36. Kb4 1-0

[Event "33.Schlosspark-Open"]
[Site "Wiesbaden-Biebrich"]
[Date "2024.08.25"]
[Round "7.24"]
[White "Lenz, Joshua"]
[Black "Schöber, Sebastian"]
[Result "1/2-1/2"]
[WhiteElo "2038"]
[BlackElo "1917"]
[PlyCount "51"]
[EventDate "2024.08.22"]
[WhiteTeam "TSV Schott Mainz"]
[BlackTeam "Wiesbadener SV 1885"]

1. e4 c5 2. d4 cxd4 3. c3 dxc3 4. Nxc3 a6 5. Bc4 e6 6. Nf3 Nc6 7. O-O d6 8. Qe2 e5 9. h3 Be7 10. Rd1 Nf6 11. Be3 h6 12. Bd5 Bd7 13. a3 Rc8 14. Rac1 Qa5 15. Nd2 b5 16. Nb3 Qd8 17. f3 O-O 18. Rc2 Na5 19. Nxa5 Qxa5 20. Qf2 Nxd5 21. Nxd5 Bd8 22. Rxc8 Bxc8 23. Nb6 Bxb6 24. Bxb6 Qa4 25. Rxd6 Be6 26. Kh2 1/2-1/2

[Event "33.Schlosspark-Open"]
[Site "Wiesbaden-Biebrich"]
[Date "2024.08.25"]
[Round "7.25"]
[White "Seidel, Jürgen"]
[Black "Musiienko, Platon"]
[Result "1/2-1/2"]
[WhiteElo "2031"]
[BlackElo "1913"]
[PlyCount "25"]
[EventDate "2024.08.22"]
[WhiteTeam "SV 1920 Hofheim"]
[BlackTeam "Wiesbadener SV 1885"]

1. e4 c5 2. c3 g6 3. d4 cxd4 4. cxd4 d5 5. e5 Bg7 6. Nc3 Nh6 7. h3 O-O 8. Nf3 Nc6 9. Be2 Bf5 10. Be3 Be4 11. O-O Bxf3 12. Bxf3 e6 13. Rc1 1/2-1/2

[Event "33.Schlosspark-Open"]
[Site "Wiesbaden-Biebrich"]
[Date "2024.08.25"]
[Round "7.26"]
[White "Nicolai, Tim"]
[Black "Stehning, Ralf"]
[Result "1/2-1/2"]
[WhiteElo "2019"]
[BlackElo "1912"]
[PlyCount "44"]
[EventDate "2024.08.22"]
[WhiteTeam "SV Empor Erfurt"]
[BlackTeam "SF Braunfels"]

1. e4 e5 2. Bc4 Nf6 3. d3 Nc6 4. Nc3 Bc5 5. f4 d6 6. Nf3 Bg4 7. Na4 Bb6 8. h3 Bxf3 9. Qxf3 Qe7 10. c3 exf4 11. Nxb6 axb6 12. Bb5 d5 13. Bxc6+ bxc6 14. O-O dxe4 15. dxe4 Qxe4 16. Bxf4 Qxf3 17. Rxf3 O-O-O 18. Bg5 Rhe8 19. Bxf6 gxf6 20. Rxf6 Re2 21. Rxf7 Rdd2 22. Rg7 Rxb2 1/2-1/2

[Event "33.Schlosspark-Open"]
[Site "Wiesbaden-Biebrich"]
[Date "2024.08.25"]
[Round "7.27"]
[White "Pioch, Thomas"]
[Black "Makilla, Tobias"]
[Result "1/2-1/2"]
[WhiteElo "2016"]
[BlackElo "1910"]
[PlyCount "24"]
[EventDate "2024.08.22"]
[WhiteTeam "SC Flörsheim 1921"]
[BlackTeam "SC 1979 Hattersheim"]

1. Nf3 g6 2. g3 Bg7 3. d4 d6 4. Bg2 Nc6 5. d5 Ne5 6. Nd4 Nf6 7. Nc3 O-O 8. O-O Rb8 9. a4 Re8 10. h3 e6 11. dxe6 Bxe6 12. Nxe6 Rxe6 1/2-1/2

[Event "33.Schlosspark-Open"]
[Site "Wiesbaden-Biebrich"]
[Date "2024.08.25"]
[Round "7.28"]
[White "Pradeep, Harshill"]
[Black "Neurohr, Jürgen"]
[Result "0-1"]
[WhiteElo "1905"]
[BlackElo "1999"]
[PlyCount "138"]
[EventDate "2024.08.22"]
[WhiteTeam "SK Bickenbach"]
[BlackTeam "Sfr.Mainz 1928"]

1. e4 e5 2. Bc4 Nf6 3. d4 exd4 4. Nf3 Nc6 5. O-O Nxe4 6. Re1 d5 7. Bxd5 Qxd5 8. Nc3 Qd7 9. Nxe4 Be7 10. Bg5 O-O 11. Bxe7 Qxe7 12. Nxd4 Bd7 13. Qh5 g6 14. Qh6 Qe5 15. Nf3 Qg7 16. Qh4 Bf5 17. Nf6+ Kh8 18. Nd5 Bxc2 19. Nxc7 Rac8 20. Nd5 Bf5 21. Rac1 Rfe8 22. Ng5 h6 23. Nf3 g5 24. Qa4 Qxb2 25. Ne3 Bg6 26. Nc4 Qb4 27. Rxe8+ Rxe8 28. Qxb4 Nxb4 29. Nce5 Re7 30. a3 Nd3 31. Nxg6+ fxg6 32. Rd1 Rc7 33. h3 Rc1 34. Rxc1 Nxc1 35. Ne5 Kg7 36. f3 Nb3 37. Kf2 Nd4 38. g3 b5 39. h4 gxh4 40. gxh4 a5 41. Kg3 Nc2 42. Nc6 a4 43. f4 Nxa3 44. Nb4 Nb1 45. Na2 a3 46. Kf2 Nd2 47. Ke2 Nc4 48. Kd3 Kf6 49. Kd4 Kf5 50. Kc5 Kxf4 51. Kxb5 Nd6+ 52. Kb4 Nf5 53. Kxa3 Nxh4 54. Kb3 Nf3 55. Kc3 h5 56. Kd3 h4 57. Ke2 h3 58. Kf2 g5 59. Nc3 Nd2 60. Ne2+ Kg4 61. Kg1 Ne4 62. Kh2 Nd2 63. Ng1 Nf3+ 64. Nxf3 Kxf3 65. Kxh3 g4+ 66. Kh2 Kf2 67. Kh1 Kg3 68. Kg1 Kh3 69. Kh1 g3 0-1